GT3 Cars Quiz - Statistics

General Stats
  • This quiz has been taken 191 times
    13 since last reset
  • The average score is 14 of 59
Answer Stats
Nr. Homologation Manufacturer Model % Correct
GT3-025 2010 – 2022 Porsche 911 GT3 R
80%
GT3-041 2016 – 2025 Porsche 911 GT3 R
80%
GT3-050 2019 – 2028 Porsche 911 GT3 R
80%
GT3-055 2022 – 2032 Porsche 911 GT3 R
80%
GT3-029 2011 – 2024 Ferrari 458 Italia GT3
50%
GT3-052 2019 – 2030 McLaren 720S GT3
50%
GT3-035 2014 – 2023 Bentley Continental GT3
50%
GT3-049 2018 – 2031 Bentley Continental GT3
50%
GT3-040 2015 – 2023 Lamborghini Huracán GT3
50%
GT3-054 2022 – 2029 Lamborghini Huracán GT3 Evo 2
50%
GT3-051 2019 – 2031 Aston Martin Vantage AMR GT3
50%
GT3-044 2016 – 2028 Ferrari 488 GT3
40%
GT3-030 2012 – 2026 Nissan GT-R Nismo GT3
40%
GT3-048 2018 – 2032 Nissan GT-R NISMO GT3
40%
GT3-053 2022 – 2032 BMW M4 GT3
40%
GT3-010 2007 – 2019 Ford Mustang FR500C GT
40%
GT3-032 2012 – 2019 Aston Martin Vantage GT3
40%
GT3-056 2023 – 2032 Ferrari 296 GT3
30%
GT3-043 2016 – 2023 BMW M6 GT3
30%
GT3-042 2016 – 2029 Mercedes Mercedes-AMG GT3
30%
GT3-047 2017 – 2029 Honda NSX GT3
30%
GT3-059 2026 – 2033 Lamborghini Temerario GT3
30%
GT3-045 2016 – 2026 Corvette Callaway Corvette C7 GT3-R
20%
GT3-004 2006 – 2019 Lamborghini Gallardo GT3-R
20%
GT3-024 2010 – 2019 Lamborghini Gallardo LP600 GT3
20%
GT3-031 2012 – 2019 McLaren MP4-12C GT3
20%
GT3-058 2024 – 2033 Ford Mustang GT3
20%
GT3-027 2010 – 2019 Ford Mustang MarcVDS GT3
20%
GT3-017 2009 – 2019 Audi R8 LMS
20%
GT3-038 2015 – 2031 Audi R8 LMS
20%
GT3-046 2017 – 2032 Lexus RC F GT3
20%
GT3-028 2011 – 2019 Mercedes SLS AMG GT3
20%
GT3-036 2015 – 2022 Dodge Viper GT3-R
20%
GT3-037 2015 – 2022 McLaren 650S GT3
10%
GT3-022 2009 – 2019 Morgan Aero Super Sport GT3
10%
GT3-039 2015 – 2022 Cadillac ATS-V.R GT3
10%
GT3-026 2010 – 2022 Corvette Callaway Corvette Z06R GT3
10%
GT3-033 2012 – 2019 Chevrolet Camaro GT3
10%
GT3-057 2023 – 2030 Chevrolet Corvette Z06 GT3.R
10%
GT3-014 2007 – 2019 Lotus Exige GT3
10%
GT3-034 2013 – 2020 Maserati GranTurismo MC GT3
10%
GT3-011 2007 – 2019 Ford GT GT3
10%
GT3-016 2008 – 2019 Ford GT GT3
10%
GT3-006 2007 – 2019 Ascari KZ1 GT3
10%
GT3-005 2007 – 2019 Corvette Z06R GT3
10%
GT3-023 2010 – 2019 BMW Z4 GT3
10%
GT3-019 2009 – 2019 Ferrari 430 Scuderia GT3
0%
GT3-007 2007 – 2019 Porsche 911 GT3 Cup
0%
GT3-015 2008 – 2019 Porsche 911 GT3 Cup S
0%
GT3-013 2007 – 2019 Morgan Aero 8 GT3
0%
GT3-018 2009 – 2019 Alpina B6 GT3
0%
GT3-001 2006 – 2019 Maserati Coupé Grand Sport Light
0%
GT3-003 2006 – 2019 Aston Martin DBRS9
0%
GT3-009 2007 – 2019 Ferrari F430 GT
0%
GT3-008 2008 – 2019 Venturi GT3 Heritage
0%
GT3-002 2006 – 2019 Dodge Viper Competition Coupé
0%
GT3-020 2009 – 2019 Dodge Viper Competition Coupé Series 2
0%
GT3-012 2007 – 2019 Jaguar XKR Coupé
0%
GT3-021 2009 – 2019 Jaguar XKR-S GT3
0%
No matching quizzes found
Score Distribution
Percent of People with Each Score
Percentile by Number Answered
Your Score History
You have not taken this quiz since the last reset